000 00364nam a22001457a 4500
005 20250812163402.0
020 _a978-81-89198-64-0
082 _a811.214.21 TAG
100 _aTAGORE, Ravindra Nath
245 _aMeri bal kahaniyan - Hindi
260 _aNew Delhi
_bHarvansh Lal & Sons
_c2024
300 _a144p.
700 _aANEJA, Harivamsh, Comp.
942 _cBK
999 _c75473
_d75473